00353nam a2200097Ia 4500245003500000100005800035942000700093008004100100999001900141952009500160 0aEwig soos die sandsteenkranse  a HEINE, Mike Pretoria, 1990 Grootdrukuitg 954934 cBK210818s9999 xx 000 0 und d c479403d479402 00104070aSABILbSABILd2021-08-23g90.00l0p33228013143506r2021-08-23w2021-08-23yBK